LIBRARY & INFORMATION CENTRE, KCAET, TAVANUR

ONLINE PUBLIC ACCESS CATALOGUE (OPAC)

Water harvesting and watershed management / (Record no. 13138)

MARC details
000 -LEADER
fixed length control field 00382cam a2200145ua 4500
003 - CONTROL NUMBER IDENTIFIER
control field OSt
008 - FIXED-LENGTH DATA ELEMENTS--GENERAL INFORMATION
fixed length control field 240216b |||||||| |||| 00| 0 eng d
041 ## - LANGUAGE CODE
Language code of text/sound track or separate title eng
082 ## - DEWEY DECIMAL CLASSIFICATION NUMBER
Classification number 551.492
Item number JAN/WA
100 ## - MAIN ENTRY--AUTHOR NAME
Personal name Jana, B.L .
245 ## - TITLE STATEMENT
Title Water harvesting and watershed management /
260 ## - PUBLICATION, DISTRIBUTION, ETC. (IMPRINT)
Place of publication Udaypur :
Name of publisher Agro-tech publishing academy ,
Year of publication 2008.
300 ## - PHYSICAL DESCRIPTION
Number of Pages 576 ; .
942 ## - ADDED ENTRY ELEMENTS (KOHA)
Koha item type Books
Holdings
Withdrawn status Lost status Damaged status Home library Current library Date acquired Full call number Accession Number Koha item type
      KAUAET KAUAET 07/04/2012 551.492 JAN/WA 21440 Books
      KAUAET KAUAET 07/04/2012 551.492 JAN/WA 22046 Books
free website counter